L'art de la peinture / (Record no. 51350)

MARC details
000 -LEADER
campo de control de longitud fija 00510nam a2200169 i 4500
001 - NÚMERO DE CONTROL
campo de control 51350
003 - IDENTIFICADOR DE NÚMERO DE CONTROL
campo de control ES-MaACL
005 - FECHA Y HORA DE LA ÚLTIMA TRANSACCIÓN
campo de control 20230906162335.0
007 - CAMPO FIJO DE DESCRIPCIÓN FÍSICA--INFORMACIÓN GENERAL
campo de control de longitud fija t|
008 - DATOS DE LONGITUD FIJA--INFORMACIÓN GENERAL
campo de control de longitud fija 030812s1957 fr ||||1| fre d
100 1# - ENTRADA PRINCIPAL--NOMBRE DE PERSONA
Nombre de persona Charpier, Jacques.
9 (RLIN) 38116
245 12 - MENCIÓN DEL TÍTULO
Título L'art de la peinture /
Mención de responsabilidad, etc. Jacques Charpier et Pierre Seghers.
260 ## - PUBLICACIÓN, DISTRIBUCIÓN, ETC.
Lugar de publicación, distribución, etc. [Paris] :
Nombre del editor, distribuidor, etc. Seghers,
Fecha de publicación, distribución, etc. [1957] (
Lugar de fabricación/manufactura Versiers (Belgique) :
Fabricante Gerard)
300 ## - DESCRIPCIÓN FÍSICA
Extensión 724 p. ;
Dimensiones 22 cm.
700 1# - ENTRADA AGREGADA--NOMBRE PERSONAL
Nombre de persona Seghers, Pierre.
9 (RLIN) 105133
852 ## - LOCALIZACIÓN
Ubicación ES-MaACL
Número de control de estantería C-16572
Sublocalización o colección R.44690
Holdings
Estatus retirado Estado de pérdida Estado de daño No para préstamo Biblioteca de origen Biblioteca actual Ubicación en estantería Fecha de adquisición Fuente de adquisición Total de préstamos Signatura topográfica completa Código de barras Visto por última vez Precio de reemplazo Tipo de ítem Koha
        Biblioteca del Ateneo de Madrid Biblioteca del Ateneo de Madrid Galería 17/01/2008     C-16572 1054005 23/02/2023 23/02/2023 Libro impreso